01508cam a22003495i 450000100090000000300090000900500170001800800410003502000180007602000150009404000380010908200220014710000360016924503000020526400510050526400100055630000280056633600260059433700280062033800270064850400510067565000420072665000420076865000410081065300280085165500240087970000360090370000330093994200120097299900170098495201570100120228517EG-ScBUE20260210101607.0171221t2025 nyu f b 001 0 eng d a9781264980444 a1264980442 aDLCbengerdacDLCdDLCdEG-ScBUE04a658.4094bDEJ2221 aDe Janasz, Suzanne C.,eauthor.10aInterpersonal skills in organizations /cSuzanne C. De Janasz, Ph.D., George Mason University, Virginia, Karen O. Dowd, Ph.D., Simon Business School, University of Rochester, New York, Beth Z. Schneider, DBA, McColl School of Business of Business, Queens University of Charlotte, North Carolina. 1aNew York, NY :bMcGraw-Hill Education,c[2025] 4cc2025 axxi, 506 pages ;c28 cm atextbtxt2rdacontent aunmediatedbn2rdamedia avolumebnc2rdacarrier aIncludes bibliographical references and index. 7aOrganizational behavior.2BUEsh94617 7aPsychology, Industrial.2BUEsh912215 7aInterpersonal relations.2BUEsh9820 bHHUUPPSScSeptember2019 vReading book9337281 aDowd, Karen O.,eauthor.9122171 aSchneider, Beth Z.,eauthor. 2ddccBB c31106d31077 00102ddc40708BaccahaMAINbMAINc1STd2026-02-10ePurchaseg2970.00h40025l0o658.4094 DEJp000057507r2026-02-10 00:00:00v3712.50w2026-02-10yBB